000 00437nam a2200205Ia 4500
001 003908
003 YMCAF
005 20230512160238.0
008 100717s1974 ||||||||||||||||| ||und|d
024 _a3908
035 _a3913
040 _aYMCAF
_beng
_cIN-KoLT
041 _aeng
082 _aSAM-CUH
100 _aCURRICULUM DEV
245 0 _aSAMPLE TEST ITEMS FOR CHEMISTRY
260 _c1974
300 _a92
942 _2ddc
_cBK
999 _c3105
_d3105